000 00247nam a2200097Ia 4500
001 1253023
005 20251031150945.0
008 251031s9999 xx 000 0 und d
245 0 _cMUSTAFA ORAKÇI
_aV-12 LEVENT VAN'DA
260 _bTİMAŞ YAYINLARI
999 _c1253023
_d1253023